000 00647nam a2200205Ia 4500
003 GCL
008 140319s9999 xx 000 0 ara d
040 _aGCL /
_cGCL
082 0 4 _a818.03
_bم ف
100 1 _aمحمود الربيعى
245 1 0 _aفى الخمسين عرفت طريقى:\ سيرة ذاتية /
_cمحمود الربيعى
260 _a[S.N] :
_bلجنة الاعلام والدراسات المستقبلية
300 _a169 ص
490 _a
650 0 4 _aالادب العربى
650 0 4 _aالمذكرات
650 0 4 _aالتراجم الذاتية
650 0 4 _aمحمود الربيعى
942 _2ddc
_cBK
999 _c30263
_d30263